000 00688 a2200181 4500
005 20150124121335.0
008 110414t mx||||| |||| 00| 0 spa d
050 0 4 _aPQ7297 .M2867
_bD44 1978
100 1 _aDelgado, Alejandro
245 1 0 _aAproximación a los triángulos :
_bnotas sobre la poesía de Ramón Martínez Ocaranza /
_cAlejandro Delgado.
250 _a1a. ed.
260 _aMorelia, Michoacán de Ocampo, México :
_bDoble dia ediciones,
_c1978
300 _a28 p. :
_bil. ;
_c17 cm.
504 _aIncluye bibliografía
600 1 7 _2LEMB
_aMartínez Ocaranza, Ramón,
_d[1915-1982],
_xCrítica e interpretación
650 7 _2LEMB
_aPoesía mexicana
_ySiglo XX
942 _2lcc
_cLIB
999 _c8307
_d8307